000 00651nam a2200181Ia 4500
008 191130s2012##################000#0#tam##
040 _aACL
_cACL
082 _a641.5 KUP
100 _aகுப்பம்மாள் G. நாயகம்
245 _aதிருநெல்வேலி சைவ சமையல்
_cகுப்பம்மாள் G. நாயகம்
250 _a1st ed
260 _aசென்னை
_bஜெயவள்ளி பதிப்பகம்
_c2012
300 _axvi, 208 p.
650 _aஉணவியல்
990 _a50ef03f6ac100b450ed3fc4f4f7d21f1
991 _a455504
999 _c312562
_d312562